Deseo de noche /

Gespeichert in:
Bibliographische Detailangaben
1. Verfasser: Cueto, Alonso, 1954- (VerfasserIn)
Format: Elektronisch E-Book
Sprache:Spanisch
Veröffentlicht: Ciudad de México : Fondo de Cultura Económica, 2023.
Ausgabe:Primera edición en libro electrónico.
Schriftenreihe:Colección popular (Fondo de Cultura Económica (Mexico)) ; 885.
Schlagworte:
Online-Zugang:Digitalia Hispánica
Tags: Tag hinzufügen
Keine Tags, Fügen Sie den ersten Tag hinzu!

MARC

LEADER 00000nam a2200000Ii 4500
001 DIGFCE2422
003 NyNyDIG
006 m o d
007 cr |||||||||||
008 240701t20232022mx o 000 f spa d
035 |a (OCoLC)1444057846 
040 |a DGITA  |b eng  |e rda  |e pn  |c DGITA 
020 |a 9786071681263  |q (ePub) 
020 |a 9786071681270  |q (mobi) 
020 |z 9786071676610  |q (rústica) 
050 1 4 |a PQ8498.13.U34 ebook 
100 1 |a Cueto, Alonso,  |d 1954-  |e author. 
245 1 0 |a Deseo de noche /  |c Alonso Cueto. 
250 |a Primera edición en libro electrónico. 
264 1 |a Ciudad de México :  |b Fondo de Cultura Económica,  |c 2023. 
264 4 |c ©2022 
300 |a 1 online resource. 
336 |a text  |b txt  |2 rdacontent 
337 |a computer  |b c  |2 rdamedia 
338 |a online resource  |b cr  |2 rdacarrier 
347 |a text file  |2 rdaft 
347 |b EPUB 
490 1 |a Colección popular ;  |v 885 
500 |a "Una noche, un crimen, un amor"--Cover. 
588 0 |a Online resource; title from ePub title page (Digitalia, viewed July 1, 2024) 
655 7 |a Fiction.  |2 lcgft 
776 0 8 |i Print version:  |a Cueto, Alonso, 1954-  |t Deseo de noche.  |b Primera edición.  |d Ciudad de México : Fondo de Cultura Económica, 2022  |z 9786071676610 
791 2 |a Digitalia (Firm),  |e distributor. 
793 0 |g Digitalia eBook Collection:  |a Fondo de Cultura Económica 
830 0 |a Colección popular (Fondo de Cultura Económica (Mexico)) ;  |v 885. 
856 4 0 |3 Digitalia Hispánica  |u https://digitalia.unach.elogim.com/a/135113/ 
910 |a Premium collection: 2024